List of black superheroes - Statistics

General Stats
  • This quiz has been taken 373 times
  • The average score is 6 of 15
Answer Stats
Hint Answer % Correct
Marvel black panther
87%
Marvel falcon
60%
Pixar frozone
56%
Marvel luke cage
53%
Marvel storm
51%
DC cyborg
48%
DC black lightning
40%
Marvel nick fury
38%
Marvel blade
32%
Image spawn
22%
DC static shock
22%
Marvel bishop
20%
DC steel
11%
Marvel black goliath
6%
DC green lantern john stewart
5%
No matching quizzes found
Score Distribution
Percent of People with Each Score
Percentile by Number Answered
Your Score History
You have not taken this quiz